| 000 | nam a22 a 4500 | ||
|---|---|---|---|
| 999 |
_c56738 _d56738 |
||
| 003 | BLK | ||
| 005 | 20221212105547.0 | ||
| 008 | 180408b bul|||||r ||||||| ||bul|| | ||
| 040 | _aBLK | ||
| 041 |
_aBUL _cBUL |
||
| 080 |
_aСпециална библиография _b016 _x:820/899 _z016:820/899 |
||
| 080 |
_aЛитература на отделни езици и езикови семейства _b821 _x(01) _z821(01) |
||
| 100 | 1 |
_aДюгмеджиева, Петя Трифонова _eпърви автор _9369365 |
|
| 139 | _aДюгмеджиева, Петя Трифонова | ||
| 245 | 1 | 0 |
_aПриключения, пътешествия, фантастика _bПрепоръчителен библиогр. указател _cсъстав. Петя Дюгмеджиева. |
| 257 | _aBGR | ||
| 260 |
_aСофия _bНар. библ. Св. св. Кирил и Методий _c1981 |
||
| 300 |
_a211 с. _c21 см |
||
| 380 | _a0 | ||
| 650 | 4 |
_aЛитература - библиографии _9277482 |
|
| 653 | _aхудожествена литература | ||
| 653 | _aбиблиографии | ||
| 852 |
_aЦб 109724 _bЦб |
||
| 942 |
_cKNG _n0 _s1 |
||
| 944 |
_aCR _c13.06.2004 _kНаталия_Медовщикова |
||
| 944 |
_aED _c2022-12-12 |
||